000 00516nam a2200121Ia 4500
003 SMCHS
008 240712s9999 xx 000 0 und d
040 _cSMCHS
245 0 _aSMCHS Historical Files - Point Lookout Prison Camp
300 _aOne or more file folders with loose papers related to the title topic. The folder(s) may contain book, newspaper and/or magazine excerpts, photos, phamplets, letters, etc. Folders can be viewed in person at Tudor Hall with staff assistance.
500 _a3 folders
942 _cFF
999 _c3593
_d3593